[Event "CRO Cup"]
[Site "Mali Losinj"]
[Date "2017.05.13"]
[Round "5.10"]
[White "Zakic, Marko"]
[Black "Safar, Sandro"]
[Result "1-0"]
[WhiteElo "1861"]
[BlackElo "2179"]
[PlyCount "177"]
[EventDate "2017.05.10"]
[EventType "team-swiss"]
[EventRounds "6"]
[EventCountry "CRO"]
[SourceTitle "CBM 178 Extra"]
[Source "ChessBase"]
[SourceDate "2017.06.22"]
[SourceVersion "1"]
[SourceVersionDate "2017.06.22"]
[SourceQuality "1"]
[WhiteTeam "Nova Gradiska Strmac"]
[BlackTeam "Rijeka Junior"]
[WhiteTeamCountry "CRO"]
[BlackTeamCountry "CRO"]

1. e4 c5 2. Nf3 Nc6 3. d4 cxd4 4. Nxd4 g6 5. Nc3 Bg7 6. Be3 Nf6 7. Bc4 Qa5 8. 0-0 0-0 9. Nb3 Qd8 10. f4 d6 11. Be2 a5 12. a4 Be6 13. Nd2 d5 14. exd5 Nxd5 15. Nxd5 Bxd5 16. c3 e5 17. f5 gxf5 18. Rxf5 Ne7 19. Rh5 f5 20. Qc2 Bf7 21. Bc4 Rc8 22. Bxf7+ Rxf7 23. Rd1 Qe8 24. Nf3 Bf6 25. Bg5 e4 26. Nh4 Rd8 27. Rf1 Qd7 28. Bxf6 Rxf6 29. Qb3+ Qd5 30. Rg5+ Kh8 31. Qc2 h6 32. Rh5 e3 33. Nf3 Qd3 34. Qc1 e2 35. Re1 f4 36. Re5 Nd5 37. R5xe2 Rg8 38. Rf2 Ne3 39. Qd2 Qf5 40. Qd4 Kh7 41. Qe5 Qg6 42. Nh4 Qg5 43. Qxg5 hxg5 44. Rxe3 fxe3 45. Rxf6 Rd8 46. Kf1 gxh4 47. Ke2 Rd2+ 48. Kxe3 Rxg2 49. Rf2 Rg1 50. Rf4 Rg2 51. Rxh4+ Kg6 52. b3 Rb2 53. b4 Kg5 54. Rd4 Rxh2 55. Rd5+ Kf6 56. Rxa5 Ke6 57. Rb5 Rh7 58. Kd4 Kd6 59. Rb6+ Kc7 60. Rg6 Rh4+ 61. Kd5 Rh5+ 62. Kc4 Rh4+ 63. Kb3 Rh1 64. a5 Ra1 65. c4 Kb8 66. Kc3 Ka7 67. Kd4 Rh1 68. Rg5 Ka6 69. Kc5 Rh6 70. Rd5 Rc6+ 71. Kd4 Rh6 72. Re5 Rd6+ 73. Ke4 Rd8 74. Re6+ Ka7 75. Ke5 Rd2 76. Rd6 Rb2 77. Rb6 Rd2 78. c5 Rd1 79. c6 bxc6 80. Rxc6 Rb1 81. Rb6 Rd1 82. b5 Rd2 83. Rc6 Kb7 84. a6+ Ka7 85. Rc7+ Kb8 86. b6 Ra2 87. a7+ Ka8 88. Rc8+ Kb7 89. Rb8+ 1-0